Statistics for Five Biggest Countries by Longitude

Click here to take the quiz!

General Stats

  • This quiz has been taken 19,950 times
    (19,512 since last reset)
  • The average score is 21 of 34

Answer Stats

Longitudes Country % Correct
150°W, 120°W, 90°WUnited States
99%
30°E, 60°E, 90°E, 120°E, 150°E, 180°Russia
99%
120°W, 90°W, 60°WCanada
98%
60°WBrazil
97%
90°E, 120°EChina
97%
120°E, 150°EAustralia
94%
90°EIndia
91%
90°WMexico
89%
60°WArgentina
88%
60°EKazakhstan
79%
120°EIndonesia
78%
90°EMongolia
77%
Algeria
77%
30°EDRC
75%
30°ESouth Africa
72%
France
72%
60°EIran
68%
Spain
62%
30°ESudan
62%
30°EEgypt
57%
60°WVenezuela
56%
0Mali
54%
60°WBolivia
53%
120°EPhilippines
43%
60°EUzbekistan
36%
60°ETurkmenistan
32%
150°EPapua New Guinea
31%
90°WGuatemala
27%
180°Kiribati
25%
180°Fiji
24%
150°EF.S. Micronesia
22%
90°WEl Salvador
18%
90°EBangladesh
18%
Burkina Faso
16%

Score Distribution

Percentile by Number Answered

Percent of People with Each Score

Your Score History

You have not taken this quiz since the last reset